=LDR 00000nam 2200000 4500 =001 INLIS000000000009970 =005 20240130090158 =035 ##$$a 0010-061300000009970 =008 240130################g##########0#ind## =041 ##$$a Ind =082 ##$$a 028.5 =090 ##$$a 028.5, Beg a =100 ##$$a Beggio, Valintine =245 1#$$a Apakah pertanian biologis itu ?, Valintina beggio ; alih bahasa, Esther S. Mandjani =260 ##$$a 1995 :$b Jakarta =300 ##$$a 24 hlm, ilus, 19 cm =650 #4$$a Bacaan anak-anak =850 ##$$a NBPNMAT =084 ##$$a 028.5 BEG a =990 ##$$a AN00004366